Mots de la langue française se terminant par "taire" - Statistiques

Statistiques générales
  • Ce quiz a été pris 196 fois
  • Le résultat moyen est 18 sur 36
Statistiques - réponses
Indice Mot % Correct
non marié célibataire
94%
celui qui loue locataire
91%
signe zodiacal sagittaire
90%
personne à qui s'adresse un envoi, une lettre destinataire
86%
a son étude et son clerc notaire
86%
d'Artagnan mousquetaire
84%
nutritif, pension ... alimentaire
78%
film à caractère culturel documentaire
78%
celui qui possède propriétaire
78%
fromage : saint ... nectaire
77%
cacher taire
70%
soldat militaire
68%
génétique héréditaire
63%
isolé solitaire
63%
philosophe Voltaire
54%
sévère autoritaire
52%
meuble, profession secrétaire
50%
énergique, décidé volontaire
50%
intolérant sectaire
43%
recensement de quelque chose inventaire
42%
parapheur signataire
42%
député parlementaire
39%
avis commentaire
37%
indocile, rétif réfractaire
37%
accidentel involontaire
34%
ouvrier, manoeuvre, salarié prolétaire
31%
étudiant universitaire
25%
arriéré retardataire
24%
dictatorial totalitaire
24%
vide ... sanitaire
23%
pas d'accord contestataire
20%
retraite ... complémentaire
19%
dominant majoritaire
17%
dépendant tributaire
14%
primitif,grossier,simple rudimentaire
12%
constructif, positif utilitaire
8%
Aucun quiz correspondant
Distribution des résultats
% des personnes avec chaque résultat
Percentile par nombre de réponses
Votre historique - résultats
Vous n’avez pas pris ce quiz